Divine symphony: A comparative study of religions (Record no. 526701)

000 -LEADER
fixed length control field 00286nam a22000977a 4500
082 ## - DEWEY DECIMAL CLASSIFICATION NUMBER
Classification number SNT AB45 W833
100 ## - MAIN ENTRY--PERSONAL NAME
Personal name Woolson, Gayle
9 (RLIN) 46261
245 ## - TITLE STATEMENT
Title Divine symphony: A comparative study of religions
Remainder of title By Woolson, Gayle
260 ## - PUBLICATION, DISTRIBUTION, ETC. (IMPRINT)
Place of publication, distribution, etc New Delhi
Name of publisher, distributor, etc Bahat Pub; trust
Date of publication, distribution, etc 1988
300 ## - PHYSICAL DESCRIPTION
Extent 137p
Holdings
Withdrawn status Lost status Source of classification or shelving scheme Damaged status Koha normalized classification for sorting Not for loan Permanent location Current location Date acquired Full call number Barcode Date last seen Price effective from Koha item type
        SNT_AB45_W833   Indian Institute of Public Administration Indian Institute of Public Administration 2024-06-19 SNT AB45 W833 GR25162 2024-06-19 2024-06-19 GR

Powered by Koha